PREVENCION DE CONFLICTOS Y COOPERACION EN LA GESTION DE LOS RECURSOS HIDRICOS EN AMERICA LATINA- MANUAL (Registro nro. 230129)
[ vista simple ]
| 000 -LEADER | |
|---|---|
| campo de control de longitud fija | 00538nam a2200181Ia 4500 |
| 005 - FECHA Y HORA DE LA ÚLTIMA TRANSACCIÓN | |
| campo de control | 20250425162459.0 |
| 008 - DATOS DE LONGITUD FIJA--INFORMACIÓN GENERAL | |
| campo de control de longitud fija | 250425s9999 xx 000 0 und d |
| 041 ## - CÓDIGO DE IDIOMA | |
| Código de lengua del texto/banda sonora o título independiente | spa |
| 082 ## - NÚMERO DE LA CLASIFICACIÓN DECIMAL DEWEY | |
| Número de clasificación | 628.16 |
| 010 ## - NÚMERO DE CONTROL DE LA BIBLIOTECA DEL CONGRESO | |
| Número de control de LC | 77003 |
| 245 #0 - MENCIÓN DEL TÍTULO | |
| Título | PREVENCION DE CONFLICTOS Y COOPERACION EN LA GESTION DE LOS RECURSOS HIDRICOS EN AMERICA LATINA- MANUAL |
| 250 ## - MENCION DE EDICION | |
| Mención de edición | 1A ED. |
| 260 ## - PUBLICACIÓN, DISTRIBUCIÓN, ETC. | |
| Lugar de publicación, distribución, etc. | España |
| Nombre del editor, distribuidor, etc. | PROGRAMA HIDROLOGICO INTERNACIONAL PARA AMERICA LATINA |
| Fecha de publicación, distribución, etc. | 1998 |
| 260 ## - PUBLICACIÓN, DISTRIBUCIÓN, ETC. | |
| Lugar de publicación, distribución, etc. | S.L. |
| 650 ## - PUNTO DE ACCESO ADICIONAL DE MATERIA--TÉRMINO DE MATERIA | |
| Término de materia o nombre geográfico como elemento de entrada | AMERICA LATINA |
| 650 ## - PUNTO DE ACCESO ADICIONAL DE MATERIA--TÉRMINO DE MATERIA | |
| Término de materia o nombre geográfico como elemento de entrada | RECURSOS HIDRICOS |
| 942 ## - ELEMENTOS DE ENTRADA SECUNDARIOS (KOHA) | |
| Tipo de ítem Koha | Libros |
| Estatus retirado | Estado de pérdida | Estado de daño | No para préstamo | Biblioteca de origen | Biblioteca actual | Fecha de adquisición | Coste, precio normal de compra | Total de préstamos | Código de barras | Copia número |
|---|---|---|---|---|---|---|---|---|---|---|
| FACULTAD DE INGENIERIA MECANICA Y CIENCIAS DE LA PRODUCCION | FACULTAD DE INGENIERIA MECANICA Y CIENCIAS DE LA PRODUCCION | 11/05/2011 | 5.00 | D-79321 | 1 |